000 00750nam a2200253Ia 4500
003 OSt
005 20220927111040.0
006 a|||||r|||| 00| 0
007 ta
008 220926b |||||||| |||| 00| 0 eng d
024 _a108430
037 _cReports
040 _aRTL
_cRTL
_beng
041 _2eng
_aeng
082 _a"A.2.N7, L0/GD"
110 _aIndia Adminstrative Reforms Commission
_9381119
245 0 _aReport of expert group on natural resources
260 _aDelhi
_bManager of Publicaitons India
_c1970
300 _a79p.
_ccm.
650 _aNatural Science
_9356561
700 _aIndia Adminstrative Reforms Commission
_9381120
942 _h"A.2.N7, L0/GD"
_cCC
999 _c698507
_d698507